Quantum Computing: (Record no. 590404)

000 -LEADER
fixed length control field 00569nam a22001817a 4500
003 - CONTROL NUMBER IDENTIFIER
control field NUST
005 - DATE AND TIME OF LATEST TRANSACTION
control field 20240613113836.0
020 ## - INTERNATIONAL STANDARD BOOK NUMBER
International Standard Book Number 978-3-03023921-3
082 ## - DEWEY DECIMAL CLASSIFICATION NUMBER
Classification number 004.1,HID
100 ## - MAIN ENTRY--PERSONAL NAME
Personal name D. Hidary, Jack
9 (RLIN) 94088
245 ## - TITLE STATEMENT
Title Quantum Computing:
Remainder of title An Applied Approach /
Statement of responsibility, etc. Jack D. Hidary
260 ## - PUBLICATION, DISTRIBUTION, ETC.
Place of publication, distribution, etc. Spring
Name of publisher, distributor, etc. USA
Date of publication, distribution, etc. 2019
300 ## - PHYSICAL DESCRIPTION
Extent 379 p
505 ## - FORMATTED CONTENTS NOTE
Formatted contents note Foundations (Page-3), Hardware and Applications (Page-47), Toolkit (Page-201).
650 ## - SUBJECT ADDED ENTRY--TOPICAL TERM
Topical term or geographic name entry element Quantum computing, Computer software
9 (RLIN) 94089
651 ## - SUBJECT ADDED ENTRY--GEOGRAPHIC NAME
Geographic name Quantum computers, Quantum theory
9 (RLIN) 94090
942 ## - ADDED ENTRY ELEMENTS (KOHA)
Source of classification or shelving scheme
Koha item type Book
Holdings
Withdrawn status Lost status Source of classification or shelving scheme Damaged status Not for loan Permanent Location Current Location Shelving location Date acquired Total Checkouts Full call number Barcode Checked out Date last seen Date last checked out Price effective from Koha item type Public note
          Military College of Signals (MCS) Military College of Signals (MCS) General Stacks 07/20/2022 1 004.1,HID MCS38716 10/22/2025 06/24/2025 06/24/2025 07/20/2022 Book Almirah Fresh No.43, Shelf No.1
© 2023 Central Library, National University of Sciences and Technology. All Rights Reserved.